Les préféctures et sous-préféctures Française à l'aveugle - Statistiques

Statistiques générales
  • Ce quiz a été pris 32 fois
    21 depuis la dernière actualisation
  • Le résultat moyen est 201 sur 334
Statistiques - réponses
Réponse % Correct
Beauvais
88%
Brest
88%
Caen
88%
Le Havre
88%
Lille
88%
Lyon
88%
Quimper
88%
Saint-Lô
88%
Aix-en-Provence
82%
Ajaccio
82%
Amiens
82%
Angers
82%
Annecy
82%
Bastia
82%
Bordeaux
82%
Calais
82%
Clermont
82%
Dunkerque
82%
Laon
82%
La Rochelle
82%
La Roche-sur-Yon
82%
Limoges
82%
Lorient
82%
Metz
82%
Nancy
82%
Nice
82%
Nîmes
82%
Niort
82%
Paris
82%
Pau
82%
Périgueux
82%
Rennes
82%
Rouen
82%
Saint-Brieuc
82%
Saint-Denis
82%
Strasbourg
82%
Toul
82%
Tours
82%
Vannes
82%
Agen
76%
Alençon
76%
Angoulême
76%
Arras
76%
Auxerre
76%
Bayonne
76%
Blois
76%
Boulogne-sur-Mer
76%
Bourg-en-Bresse
76%
Carcassonne
76%
Charleville-Mézières
76%
Châteauroux
76%
Dax
76%
Dijon
76%
Évreux
76%
Évry
76%
Grenoble
76%
Le Mans
76%
Lens
76%
Marseille
76%
Meaux
76%
Mont-de-Marsan
76%
Nantes
76%
Narbonne
76%
Orléans
76%
Perpignan
76%
Poitiers
76%
Privas
76%
Reims
76%
Saint-Malo
76%
Saint-Nazaire
76%
Toulon
76%
Toulouse
76%
Tulle
76%
Valence
76%
Versailles
76%
Albertville
71%
Albi
71%
Aurillac
71%
Belfort
71%
Besançon
71%
Bobigny
71%
Bourges
71%
Briançon
71%
Cambrai
71%
Chalons-en-Champagne
71%
Chambéry
71%
Chartres
71%
Chateau-Thierry
71%
Chaumont
71%
Colmar
71%
Corte
71%
Douai
71%
Foix
71%
Gap
71%
Guéret
71%
Guingamp
71%
Haguenau
71%
Laval
71%
Melun
71%
Millau
71%
Montauban
71%
Montpellier
71%
Mulhouse
71%
Nanterre
71%
Nevers
71%
Provins
71%
Saintes
71%
Saint-Étienne
71%
Saint-Quentin
71%
Saumur
71%
Valenciennes
71%
Vesoul
71%
Vichy
71%
Vienne
71%
Alès
65%
Arles
65%
Auch
65%
Avignon
65%
Bar-le-Duc
65%
Basse-Terre
65%
Bayeux
65%
Bergerac
65%
Béziers
65%
Boulogne-Billancourt
65%
Brive-la-Gaillarde
65%
Carpentras
65%
Cayenne
65%
Cergy-Pontoise
65%
Chalon-sur-Saône
65%
Châtellerault
65%
Chinon
65%
Coutances
65%
Créteil
65%
Die
65%
Dieppe
65%
Dreux
65%
Épernay
65%
Épinal
65%
Fontainebleau
65%
Fougères
65%
Grasse
65%
Le Puy-en-Velay
65%
Les Sables-d'Olonne
65%
Libourne
65%
Lisieux
65%
Mâcon
65%
Mende
65%
Montluçon
65%
Moulins
65%
Nantua
65%
Pamiers
65%
Pontarlier
65%
Rochefort
65%
Rodez
65%
Saint-Pierre
65%
Sedan
65%
Tarbes
65%
Thionville
65%
Troyes
65%
Verdun
65%
Autun
59%
Avranches
59%
Cahors
59%
Calvi
59%
Castres
59%
Château-Chinon
59%
Compiègne
59%
Digne-les-Bains
59%
Dinan
59%
Dole
59%
Draguignan
59%
Figeac
59%
Forbach
59%
Fort-de-France
59%
Langres
59%
Lannion
59%
Limoux
59%
Lons-le-Saunier
59%
Lunéville
59%
Mamoudzou
59%
Marmande
59%
Mayenne
59%
Morlaix
59%
Rambouillet
59%
Rethel
59%
Roanne
59%
Saint-Dié-des-Vosges
59%
Saint-Girons
59%
Saint-Omer
59%
Sarlat-la-Canéda
59%
Sélestat
59%
Sens
59%
Soissons
59%
Tournon-sur-Rhône
59%
Abbeville
53%
Antony
53%
Aubusson
53%
Avesnes-sur-Helpe
53%
Barcelonnette
53%
Beaune
53%
Béthune
53%
Bressuire
53%
Castellane
53%
Châteaulin
53%
Clermont-Ferrand
53%
Cognac
53%
Commercy
53%
Forcalquier
53%
Largentière
53%
Le Raincy
53%
Le Vigan
53%
L'Haÿ les Roses
53%
Mantes-la-Jolie
53%
Mauriac
53%
Montargis
53%
Nogent-sur-Marne
53%
Pointe-à-Pitre
53%
Prades
53%
Riom
53%
Saint-Claude
53%
Saint-Germain-en-Laye
53%
Saint-Jean-d'Angély
53%
Saverne
53%
Thiers
53%
Thonon-les-Bains
53%
Vervins
53%
Vierzon
53%
Villefranche-sur-Saône
53%
Ambert
47%
Apt
47%
Arcachon
47%
Avallon
47%
Bagnères-de-Bigorre
47%
Bar-sur-Aube
47%
Belley
47%
Brignoles
47%
Brioude
47%
Céret
47%
Charolles
47%
Cholet
47%
Clamecy
47%
Étampes
47%
Fontenay-le-Comte
47%
Gex
47%
Gourdon
47%
Issoire
47%
Issoudun
47%
Istres
47%
Jonzac
47%
La Flèche
47%
Le Blanc
47%
Loches
47%
Louhans
47%
Lure
47%
Montbéliard
47%
Montdidier
47%
Muret
47%
Nogent-le-Rotrou
47%
Nogent-sur-Seine
47%
Nyons
47%
Parthenay
47%
Péronne
47%
Redon
47%
Saint-Dizier
47%
Saint-Flour
47%
Saint-Gaudens
47%
Saint-Paul
47%
Sarcelles
47%
Sarrebourg
47%
Sarreguemines
47%
Sartène
47%
Thann
47%
Torcy
47%
Ussel
47%
Vendôme
47%
Villefranche-de-Rouergue
47%
Villeneuve-sur-Lot
47%
Vitry-le-François
47%
Vouziers
47%
Yssingeaux
47%
Altkirch
41%
Argentan
41%
Bellac
41%
Blaye
41%
Chateaubriant
41%
Chateaudun
41%
Condom
41%
Confolens
41%
Cosne-Cours-sur-Loire
41%
La Châtre
41%
Langon
41%
La Tour-du-Pin
41%
Le Marin
41%
Les Andelys
41%
Mamers
41%
Mirande
41%
Molsheim
41%
Montbard
41%
Montbrison
41%
Montmorillon
41%
Montreuil-sur-Mer
41%
Neufchâteau
41%
Nontron
41%
Palaiseau
41%
Pithiviers
41%
Pontivy
41%
Rochechouart
41%
Saint-Benoît
41%
Saint-Jean-de-Maurienne
41%
Saint-Laurent-du-Maroni
41%
Argelès-Gazost
35%
Argenteuil
35%
Bernay
35%
Bonneville
35%
Castelsarrasin
35%
Florac Trois Rivières
35%
La Trinité
35%
Lesparre-Médoc
35%
Lodève
35%
Mortagne-au-Perche
35%
Nérac
35%
Oloron-Sainte-Marie
35%
Saint-Georges
35%
Saint-Julien-en-Genevois
35%
Val de Briey
35%
Romorantin-Lanthenay
29%
Saint-Amand-Montrond
29%
Chateau-Gontier-sur-Mayenne
24%
Segré-en-Anjou Bleu
24%
Vire Normandie
24%
Cherbourg-en-Contentin
12%
Aucun quiz correspondant
Distribution des résultats
% des personnes avec chaque résultat
Percentile par nombre de réponses
Votre historique - résultats
Vous n’avez pas pris ce quiz depuis la dernière actualisation